| 000 | 00492 a2200169 4500 | ||
|---|---|---|---|
| 003 | OSt | ||
| 005 | 20231109114309.0 | ||
| 008 | 231109b |||||||| |||| 00| 0 eng d | ||
| 020 | _a9789392455445 | ||
| 040 | _coclc | ||
| 082 |
_a920 _bPAR/K |
||
| 100 |
_aParappanangadi, Rasheed _99877 |
||
| 245 |
_aK M Seethi Sahib Karuthanaya karmayogi / _cRasheed Parappanangadi |
||
| 260 |
_aKerala, _bGrace: _c2022. |
||
| 300 | _a61p | ||
| 942 |
_2ddc _cBK _h920 _iPAR/K _k920 _mPAR/K |
||
| 999 |
_c42986 _d42986 |
||